000 00500nam a2200193Ia 4500
003 LK-CoDNM
005 20240426093422.0
008 010623t1959 xxu||||| |||| 00| 1 sin d
040 _aLK-CoDNM
_dLK-CoDNM
_eLK-CoDNM
041 _asin
080 _aජ101
100 _aGurulugoomi
245 _aධර්ම ප්‍ර‍දීපිකාව
246 _aDharma Pradeepikaawa
260 _bM.D.Gunasena
_aColombo
_c1959
300 _bXIV,352P.,21 cm
650 _aJamudeepa
942 _cBK
999 _c105011
_d105011